| 000 | 00766nam a2200265Ia 4500 | ||
|---|---|---|---|
| 003 | OSt | ||
| 005 | 20220924115342.0 | ||
| 006 | a|||||r|||| 00| 0 | ||
| 007 | ta | ||
| 008 | 220923b |||||||| |||| 00| 0 urd d | ||
| 020 | _a9789387635111 (hbk) | ||
| 020 | _cINR 200.00 | ||
| 024 | _a352207 | ||
| 037 |
_b2411, 03/03/2020, M.R. Publications _cTextual |
||
| 040 |
_aARTS _cARTS _burd |
||
| 041 |
_2urd _aurd |
||
| 082 | _aO168,1NNA5x, Q8 | ||
| 100 |
_aAdil Naina Au. _9177917 |
||
| 245 | 0 | _aShabd | |
| 260 |
_aDelhi _bArshia publications India _c2018 |
||
| 300 |
_a135p. _ccm. |
||
| 650 | _aURDU POETRY | ||
| 942 |
_hO168,1NNA5x, Q8 _cTEXL _2CC |
||
| 999 |
_c397966 _d397966 |
||